000 01851nam a2200469 i 4500
001 139832
003 FINmELB
005 20241217181328.0
006 m o u
007 cr cn|||||||||
008 220829s2021 sp ob 000 0 spa d
020 _a9788413623337
_q(e-book)
020 _z9788413623061
_q(impreso)
035 _a(OCoLC)1345545422
040 _aFINmELB
_bspa
_erda
_cFINmELB
041 1 _aspa
_hger
050 4 _aD16.9
_bB465 2021
080 _a930.1
080 _a321.01
082 0 4 _a901
_23
100 1 _aBenjamin, Walter,
_d1892-1940,
_eautor.
243 1 0 _aObra selecta.
_lEspañol
245 1 0 _aTesis sobre el concepto de historia y otros ensayos sobre historia y política /
_cWalter Benjamin ; edición y traducción de Jordi Maiso y José Antonio Zamora.
264 1 _aMadrid :
_bAlianza Editorial,
_c[2021]
264 4 _c©2021
300 _a1 recurso en línea (199 páginas)
336 _atexto
_btxt
_2rdacontent/spa
337 _acomputadora
_bc
_2rdamedia/spa
338 _arecurso en línea
_bcr
_2rdacarrier/spa
490 1 _aEl libro de bolsillo. Filosofía ;
_vF73
504 _aIncluye referencias bibliográficas.
588 _aDescripción basada en metadatos suministrados por el editor y otras fuentes.
590 _aRecurso electrónico. Santa Fe, Arg.: elibro, 2022. Disponible vía World Wide Web. El acceso puede estar limitado para las bibliotecas afiliadas a elibro.
650 4 _aHistoria
_xFilosofía.
650 4 _aPolítica
_xFilosofía.
655 4 _aLibros electrónicos.
700 1 _aMaiso, Jordi,
_eeditor literario,
_etraductor.
700 1 _aZamora, José Antonio,
_d1956-
_eeditor literario,
_etraductor.
797 2 _aelibro, Corp.
830 0 _aEl libro de bolsillo. Filosofía ;
_vF73.
856 4 0 _uhttps://elibro.net/ereader/politecnicointernacional/215896
999 _c139832
_d139832